| 000 | 01388nac a22003131i 4500 | ||
|---|---|---|---|
| 003 | EG-ScBUE | ||
| 005 | 20231105112113.0 | ||
| 008 | 100810s1970|uar||||r000 000 0bara d | ||
| 017 | _a1970 / 4280 | ||
| 040 |
_aEG-ScBUE _bara _erda _cEG-ScBUE _dEG-ScBUE |
||
| 082 | 0 | 4 |
_a297.092 _bش ر ب _222 |
| 100 | 1 |
_aشرباصي، أحمد، _eمؤلف. |
|
| 245 | 1 | 0 |
_aرشيد رضا : _bصاحب المنار : عصره وحياته ومصادر ثقافته / _cتأليف الدكتور أحمد الشرباصي ؛ يشرف على إصدارها محمد توفيق عويضة. |
| 264 | 1 |
_aالقاهرة : _bالمجلس الأعلى للشئون الإسلامية، _c1970. |
|
| 300 |
_a297 صفحة ؛ _c24 سم |
||
| 336 |
_2rdacontent _aنص _btxt |
||
| 337 |
_2rdamedia _aبدون وسيط _bn |
||
| 338 |
_2rdacarrier _aمجلد _bnc |
||
| 490 | 0 |
_aلجنة التعريف بالإسلام ؛ _v58 |
|
| 504 | _aيشتمل إرجاعات على ببليوجرافية. | ||
| 541 |
_aألف باء ؛ _cشراء ؛ |
||
| 600 | 1 | 7 |
_917479 _aرضا، محمد رشيد، _d1865-1935. _2BUEsh |
| 650 | 7 |
_2BUEsh _aالأدباء العرب _vتراجم. |
|
| 650 | 7 |
_2BUEsh _aاللغويون العرب _vتراجم. |
|
| 650 | 7 |
_2BUEsh _aالمفسرون _vتراجم. |
|
| 655 | _vReading book | ||
| 700 | 1 |
_aعويضة، محمد توفيق، _eمشرف. |
|
| 942 |
_cBB _2ddc |
||
| 999 |
_c5451 _d5451 |
||